000 00309nam a22001337a 4500
008 171027b xxu||||| |||| 00| 0 eng d
020 _a2900324289083
041 _aeng
080 _210TH
_a336
100 _a55
101 _aMEN
245 _aCONTEMPORARY FINANCIAL MANAGEMENT
_cMOYER,R.C
942 _2udc
_cBK
999 _c36079
_d36079